000 00486nam a2200229Ia 4500
003 IT-RoPAU
008 120407s9999 xx 000 0 und d
040 _aIT-RoPAU
040 _cIT-RoPAU
041 _aita
100 _aDavy Harreden
245 _aRobin Hood. Trad. di Mario Giussani
250 _aRoma
260 _aEdizioni Paoline
260 _c1966
300 _a169 p.
300 _c25 cm
490 _aLa 500 ep.,
490 _v43
942 _cBK
999 _c26948
_d26948